000
00334nam a22001457a 4500
008
231101b ||||| |||| 00| 0 eng d
020
_a
0299068301
041
_a
eng
080
_a
7
082
_a
7ORE
100
_a
20
101
_a
ART
245
_a
NICOLE ORESME AND THE KINEMATICS OF CIRCULAR MOTION
_c
GRANT E
942
_2
udc
_c
BK
999
_c
60476
_d
60476